MARC Record
Leader
003
BE-GnUNI
007
't'u
035
a| (MSK)310002258
084
a| I.GÉZA-SZOBEL.2
245
0
0
a| Géza-Szobel :
b| 1905-1963 (vente Paris, Hôtel Drouot, 26.10.1971).
260
a| Paris :
b| Claude Robert,
c| 1971.
300
a| 16 :
b| ill.
546
a| Frans
500
a| Veilingcatalogus
600
1
7
a| Szobel, Géza.
2| z
852
4
b| MSK
c| MSK
j| I.GÉZA-SZOBEL.2
920
a| boek
001
000002251
005
20241224121600.0